| 000 | 00788 a2200241 4500 | ||
|---|---|---|---|
| 003 | CBULib | ||
| 005 | 20240119072733.0 | ||
| 008 | 240116b |||||||| |||| 00| 0 eng d | ||
| 040 |
_cCBULib _bEnglish _erda |
||
| 041 | _aeng | ||
| 050 | _aCBU-PG THESIS/MIT | ||
| 100 |
_aMiti, Edmond _91641 |
||
| 245 |
_aInvestigating the possible factors that expose Zambia to international terrorism _c/ by Edmond Miti |
||
| 260 |
_bCopperbelt University, _c2022 _aKitwe : |
||
| 300 | _axi, 119 pages : illustrations | ||
| 336 |
_2rdacontent _aText | _btxt |
||
| 337 |
_2rdamedia _aUnmediated | _bn |
||
| 338 |
_2rdacarrier _aVolume _bnc |
||
| 500 | _aIncludes bibliographical references and appendices | ||
| 650 | 0 |
_91792 _aTERRORISM |
|
| 650 | 0 |
_91793 _aINTERNATIONAL TERRORISM |
|
| 942 |
_2lcc _c030 |
||
| 999 |
_c84068 _d84068 |
||